Statistics for Countries that Visit Belgium the Most

Click here to take the quiz!

General Stats

  • This quiz has been taken 627 times
  • The average score is 11 of 12

Answer Stats

VisitsCountry% Correct
1,202,041France
99%
1,854,486Netherlands
99%
865,031Germany
98%
868,173United Kingdom
98%
304,598Spain
96%
299,907United States
95%
224,762Italy
94%
110,953Luxembourg
87%
90,914Poland
85%
147,654China
84%
91,308Switzerland
84%
65,117Sweden
77%

Score Distribution

Percentile by Number Answered

Percent of People with Each Score

Your Score History

You have not taken this quiz